| 000 | 00694nam a2200229 a 4500 | ||
|---|---|---|---|
| 001 | 000013633 | ||
| 005 | 20200929163307.0 | ||
| 008 | 091126s1991 sp 001 j spa d | ||
| 020 | _a8476582919 | ||
| 040 |
_aDO-SdBNP _bspa _cBNPHU |
||
| 082 |
_a863.64 _bJ61g |
||
| 100 | 1 |
_aJiménez Lozano, José, _d1930- _923900 |
|
| 245 | 1 | 4 |
_aLos grandes relatos / _cJosé Jiménez Lozano. |
| 260 |
_aBarcelona : _bAnthropos, _c1991. |
||
| 300 |
_a143 p. ; _c20 cm. |
||
| 490 | 1 |
_aÁmbitos literarios _v33 |
|
| 490 | 1 |
_aNarrativa _v33 |
|
| 650 | 4 |
_aCuentos españoles _93194 |
|
| 650 | 4 |
_aLiteratura española _ySIGLO XX _93326 |
|
| 830 | 0 |
_aÁmbitos literarios ; _pNarrativa, _v33 _921663 |
|
| 049 | _aBNGR | ||
| 999 |
_c13247 _d13247 |
||